000 00679nam a22002417a 4500
003 UA-OsUOA
001 108809
007 ta
008 20141110b un ||||| |||| 00| 0 ukr d
100 _aЧерняков Б.
090 _a012:929
_bЧ-49
942 _cBK
040 _aUA-OsUOA
_bukr
_cUA-OsUOA
_dUA-OsUOA
245 _aМикола Лукаш
_bбібліографічний покажчик 1953 - 2005
300 _a570 с.
955 _a1
041 _aukr
080 _a012:929
020 _a966-7679-95-0
260 _aК.
_bКритика
_c2007
650 7 _a01 Бібліографія і бібліографії. Каталоги
_2UDC
999 _c394582
_d394582